000 00672nam a2200205 4500
001 85653
003 BD-RjUL
005 20250907122112.0
008 250907s1961 pk ||||| |||| 00| 0 urd d
035 _a(BD-RjUL) 85653
040 _aBD-RjUL
_beng
_cBD-RjUL
041 _aurd
082 _223
_a891.43914
_bABI 1961
100 _aعبد الحق, ʿAbd-al-Ḥaqq
_916796
245 1 0 _aانتخاب داغ / Intiẖāb-i Dāġ /
_c مولوی عبد الحق, ʿAbd-al-Ḥaqq
260 _aKarachi :
_bاردو اکیڈمی سندھ ;; Urdu Academy Sindh ,
_c1961
300 _a280 p. ;
_c17 cm
490 _aAnjuman-i Taraqqī-i Urdū (Hind),
_v 231
942 _2ddc
_cBK
999 _c85653
_d85653